| 000 | 00759nam a2200253Ia 4500 | ||
|---|---|---|---|
| 005 | 20251020182540.0 | ||
| 008 | 200515s9999 xx 000 0 und d | ||
| 082 | _a728.712/L29 | ||
| 100 | _aLAWRENCE, Mike | ||
| 245 | 0 | _aPaso a paso : Mampostería de exteriores | |
| 260 | _aBarcelona | ||
| 260 | _c1996 | ||
| 300 | _a96 | ||
| 500 | _a1 ejemplar | ||
| 520 | _aDesde muros, arcos, patios, caminos, escalones, rocallas y fuentes hasta asientos y mesas, relojes de sol y estanques, Mampostería de exteriores paso-a-paso es la guía definitiva para la obra de piedra de su jardín | ||
| 650 | _aARCOS | ||
| 650 | _aCAMINOS | ||
| 650 | _aESCALONES | ||
| 650 | _aFUENTES | ||
| 650 | _aLIB | ||
| 650 | _aMUROS | ||
| 650 | _aPATIOS | ||
| 942 | _cLIB | ||
| 999 |
_c2371 _d2371 |
||